000 00313nam a2200121Ia 4500
008 190216s9999||||xx |||||||||||||| ||und||
100 _aGupta S K & Sharma R K
245 0 _aFinancial Management Theory And Practice
260 _bKalyani Publisher
_c2000
300 _a38.20p
650 _aCommerce
942 _cBK
999 _c6094
_d6094